000 00642nam a2200181Ia 4500
008 151018s9999 xx 000 0 und d
082 _bRBASDV47414
_a891.463
100 _aब्रायन वेस
245 _a"मेनी लाइव्हज,मेनी मास्टस"
250 _b1
260 _bइंद्रा
_c2008
300 _a240
600 _aब्रायन वेस
630 _a"मेनी लाइव्हज,मेनी मास्टस"
700 _aब्रायन वेस
730 _a"मेनी लाइव्हज,मेनी मास्टस"
942 _cBOOK
999 _c1046549
_d1046546